Indirect management in a centrally planned economy system constructions in foreign trade

Gespeichert in:
Bibliographische Detailangaben
1. Verfasser: Trzeciakowski, Witold
Format: Buch
Sprache:Englisch
Veröffentlicht: Warszawa Polish Scientific Pub. 1978
Schriftenreihe:Constructions to economic analysis 115
Tags: Tag hinzufügen
Keine Tags, Fügen Sie das erste Tag hinzu!

MARC

LEADER 00000nam a2200000 4500
001 c129331
005 20041019155246.0
041 0 |a eng 
044 |a PL 
245 1 0 |a Indirect management in a centrally planned economy  |b system constructions in foreign trade  |c Witold Trzeciakowski 
264 1 |a Warszawa  |b Polish Scientific Pub.  |c 1978 
300 |a 279 s. 
490 1 |a Constructions to economic analysis  |v 115 
830 0 |a Constructions to economic analysis  |v 115 
100 1 |a Trzeciakowski, Witold